000 00491nam a2200169Ia 4500
999 _c20325
_d20325
003 OSt
005 20200605120239.0
008 190216s9999||||xx |||||||||||||| ||und||
020 _a8171003486
040 _coclc
082 _a327.54
_bGRO/E
100 _aGrover, Verinder
_92523
245 0 _aEurope And India`s Foreign Policy /
_c Verinder Grover
260 _bDeep&Deep Pub,
_c1992.
_aNewdelhi;
300 _a575p
942 _cBK
_2ddc
_h327.54
_iGRO/E
_k327.54
_mGRO/E